Central Library OPAC University of Rajshahi

The age of Chaucer / (Record no. 23554)

MARC details
000 -LEADER
fixed length control field 01205cam a22003251 4500
001 - CONTROL NUMBER
control field 23554
003 - CONTROL NUMBER IDENTIFIER
rucl marc code BD-RjUL
005 - DATE AND TIME OF LATEST TRANSACTION
control field 20211209000937.0
008 - FIXED-LENGTH DATA ELEMENTS--GENERAL INFORMATION
fixed length control field 140311r19541980enkach 000 0 eng d
035 ## - SYSTEM CONTROL NUMBER
System control number (BD-RjUL) 23619
System control number (OCoLC)4606002
040 ## - CATALOGING SOURCE
Original cataloging agency DLC
Transcribing agency OCl
Modifying agency OCoLC
-- DLC
-- BD-RjUL
Language of cataloging eng
041 ## - LANGUAGE CODE
Language code of text/sound track or separate title eng
082 00 - DEWEY DECIMAL CLASSIFICATION NUMBER
Classification number 820.9
Author mark and year AGE V-1 1980
245 14 - TITLE STATEMENT
Title The age of Chaucer /
Statement of responsibility, etc. Ed, by Boris Ford
Number of part/section of a work Volume I :
Name of part/section of a work Of the Pelican Guide to English Literature
260 ## - PUBLICATION, DISTRIBUTION, ETC. (IMPRINT)
Place of publication, distribution, etc. London :
Name of publisher, distributor, etc. Blackie and Son limited,
Date of publication, distribution, etc. 1954 [Reprinted 1980]
300 ## - PHYSICAL DESCRIPTION
Pagination 482p :
Illustrations illus., facsims. ;
Size 19 cm.
490 0# - SERIES STATEMENT
Series statement Rambles through history
500 ## - GENERAL NOTE
General note Illustrated cover, in colors.
General note An elementary book for supplementary reading.
600 10 - SUBJECT ADDED ENTRY--PERSONAL NAME
Personal name Chaucer, Geoffrey,
Dates associated with a name -1400
General subdivision Homes and haunts
Geographic subdivision England.
650 #0 - SUBJECT ADDED ENTRY--TOPICAL TERM
Topical term or geographic name as entry element Poets, English
Chronological subdivision Middle English, 1100-1500
Form subdivision Biography.
9 (RLIN) 72502
651 #0 - SUBJECT ADDED ENTRY--GEOGRAPHIC NAME
Geographic name England
General subdivision Social life and customs
Chronological subdivision 1066-1485.
9 (RLIN) 72503
Geographic name Great Britain
General subdivision History
Chronological subdivision Medieval period, 1066-1485.
9 (RLIN) 12704
Geographic name England
General subdivision Intellectual life
Chronological subdivision 1066-1485.
9 (RLIN) 47758
700 1# - ADDED ENTRY--PERSONAL NAME
Personal name Boris Ford
942 ## - ADDED ENTRY ELEMENTS (KOHA)
Source of classification or shelving scheme Dewey Decimal Classification
Koha item type Books
Holdings
Lost status Source of classification or shelving scheme Damaged status Not for loan Collection code Permanent Location Current Location Shelving location Date acquired Source of acquisition Cost, normal purchase price Total Checkouts Full call number Date last seen Copy number Koha item type
  Dewey Decimal Classification     Non-fiction Central Library, University of Rajshahi Central Library, University of Rajshahi   25/06/1981 Ideal Libraru Dhaka 75.00   820.9 AGE V-1 1980 11/03/2014 C-2 Books